000 00571nam a2200229Ia 4500
003 OSt
005 20220924135524.0
006 a|||||r|||| 00| 0
007 ta
008 220923b |||||||| |||| 00| 0 ben d
024 _a291531
037 _cTextual
040 _aARTS
_cARTS
_bben
041 _2ben
_aben
082 _aO157:g, H5.1-.2
100 _aChowdhury Ed.
_9210442
245 0 _aPrabandhabali
260 _c1945
650 _aBENGALI LITERATURE
942 _hO157:g, H5.1-.2
_cTEXL
_2CC
999 _c440994
_d440994